000 00521nam a22001697a 4500
003 OSt
005 20260310100636.0
008 260310b |||||||| |||| 00| 0 eng d
040 _cMRSPTU
041 _aEnglish
100 _aRahul Aggarwal, Supervisor: Rohit Kumar
245 _aImprovement in Efficiency of Electrostatic Precipitator
260 _bDepartment of EE, MRSPTU, Bathinda
_c2017
650 _aElectrical Engineering
856 _uhttp://163.47.215.52:8080/jspui/handle/123456789/1166
942 _2ddc
_cTH
_n0
999 _c11098
_d11098